[Event "CRO Topla Voda Cup"]
[Site "Tuhovec"]
[Date "2022.08.06"]
[Round "2.4"]
[White "Magdic, Jovo"]
[Black "Gladovic, Marko"]
[Result "0-1"]
[WhiteElo "1600"]
[BlackElo "1248"]
[PlyCount "90"]
[EventDate "2022.08.06"]
[EventType "team-tourn (blitz)"]
[EventRounds "11"]
[EventCountry "CRO"]
[SourceTitle "CBM 209 Extra"]
[Source "ChessBase"]
[SourceDate "2022.09.30"]
[SourceVersion "1"]
[SourceVersionDate "2022.09.30"]
[SourceQuality "1"]
[WhiteTeam "Ludbreg"]
[BlackTeam "Ivanec"]
[WhiteTeamCountry "CRO"]
[BlackTeamCountry "CRO"]

1. e4 e6 2. Nf3 d5 3. d3 Nf6 4. Qe2 Nc6 5. g3 Bd6 6. Bg2 e5 7. c3 Bg4 8. Bg5 d4 9. c4 0-0 10. a3 Be7 11. Bxf6 Bxf6 12. Nbd2 Qe7 13. 0-0 Rfd8 14. h3 Be6 15. b3 Qd7 16. Kh2 Ne7 17. Rh1 Rac8 18. b4 b6 19. Rac1 c5 20. b5 Qb7 21. a4 a6 22. Nb3 axb5 23. axb5 Ng6 24. Ra1 Qe7 25. Ra6 Rb8 26. Rha1 Qb7 27. Ra7 Qc8 28. Ng1 Rd7 29. R7a6 Ne7 30. Qd2 Qd8 31. f4 exf4 32. Qxf4 Ng6 33. Qd2 Bg5 34. Qe2 Qe7 35. h4 Be3 36. Nf3 Bg4 37. Bh3 Bxf3 38. Qxf3 Rc7 39. Bg2 Ne5 40. Qe2 Qe6 41. Nd2 Ng4+ 42. Kh1 h5 43. Nf3 Qd6 44. Ng5 Qxg3 45. Rf1 Qh2# 0-1

[Event "CRO Topla Voda Cup"]
[Site "Tuhovec"]
[Date "2022.08.06"]
[Round "9.4"]
[White "Magdic, Jovo"]
[Black "Podravec, Kresimir"]
[Result "0-1"]
[WhiteElo "1600"]
[BlackElo "2135"]
[PlyCount "90"]
[EventDate "2022.08.06"]
[EventType "team-tourn (blitz)"]
[EventRounds "11"]
[EventCountry "CRO"]
[SourceTitle "CBM 209 Extra"]
[Source "ChessBase"]
[SourceDate "2022.09.30"]
[SourceVersion "1"]
[SourceVersionDate "2022.09.30"]
[SourceQuality "1"]
[WhiteTeam "Ludbreg"]
[BlackTeam "Zagreb Caissa"]
[WhiteTeamCountry "CRO"]
[BlackTeamCountry "CRO"]

1. e4 c5 2. Nf3 e6 3. d3 d5 4. c3 Nc6 5. Be2 Nf6 6. 0-0 dxe4 7. dxe4 Qxd1 8. Rxd1 Nxe4 9. Bb5 Bd7 10. Bf4 0-0-0 11. Nbd2 Nxd2 12. Rxd2 Be7 13. Rad1 a6 14. Ba4 f6 15. a3 e5 16. Bg3 b5 17. Bc2 g6 18. Kf1 c4 19. h3 Be6 20. Ne1 f5 21. f3 a5 22. Kf2 Bc5+ 23. Ke2 Rxd2+ 24. Rxd2 Kc7 25. Bb1 b4 26. axb4 axb4 27. Nc2 bxc3 28. bxc3 Rb8 29. Rd1 Rb3 30. Kd2 f4 31. Be1 Bf5 32. Kc1 Be3+ 33. Bd2 Rxc3 34. Kb2 Rb3+ 35. Kc1 Nb4 36. Bxe3 fxe3 37. Nxe3 Rxb1+ 38. Kd2 c3+ 39. Ke2 Rb2+ 40. Kf1 Bd3+ 41. Kg1 c2 42. Nxc2 Rxc2 43. Re1 Kd6 44. g4 Nd5 45. h4 Nf4 0-1